<?xml version="1.0" encoding="UTF-8"?>
<record
    xmlns:xsi="http://www.w3.org/2001/XMLSchema-instance"
    xsi:schemaLocation="http://www.loc.gov/MARC21/slim http://www.loc.gov/standards/marcxml/schema/MARC21slim.xsd"
    xmlns="http://www.loc.gov/MARC21/slim">

  <leader>00695nam a22001337a 4500</leader>
  <datafield tag="040" ind1=" " ind2=" ">
    <subfield code="c">RUA</subfield>
  </datafield>
  <datafield tag="082" ind1=" " ind2=" ">
    <subfield code="a">VEM SON 2015 B509 Or.</subfield>
  </datafield>
  <datafield tag="100" ind1=" " ind2=" ">
    <subfield code="a">SON VICHEKA; &#x179F;&#x17CA;&#x1793; &#x179C;&#x17B7;&#x1785;&#x17D2;&#x1786;&#x17B7;&#x1780;&#x17B6;</subfield>
  </datafield>
  <datafield tag="245" ind1=" " ind2=" ">
    <subfield code="a">Study on Newcastle disease of avian chicken and their antibodies by Ha and Hi-Test at dongkor district, phnom penh; &#x179F;&#x17B7;&#x1780;&#x17D2;&#x179F;&#x17B6;&#x179B;&#x17BE;&#x1787;&#x17C6;&#x1784;&#x17BA;&#x1789;&#x17C9;&#x17BC;&#x179C;&#x1780;&#x17B6;&#x179F;&#x179B;&#x17BE;&#x1798;&#x17B6;&#x1793;&#x17CB;&#x1796;&#x17BC;&#x1787; AVIAN &#x1793;&#x17B7;&#x1784;&#x17A2;&#x1784;&#x17CB;&#x1791;&#x17B8;&#x1780;&#x179A;&#x179A;&#x1794;&#x179F;&#x17CB;&#x179C;&#x17B6;&#x178F;&#x17B6;&#x1798;&#x179A;&#x1799;&#x17C8;&#x178F;&#x17C1;&#x179F;&#x17D2;&#x178F; HA &#x1793;&#x17B9;&#x1784; HI &#x1793;&#x17C5;&#x1781;&#x178E;&#x17D2;&#x178C;&#x178A;&#x1784;&#x17D2;&#x1780;&#x17C4; &#x179A;&#x17B6;&#x1787;&#x1792;&#x17B6;&#x1793;&#x17B8;&#x1797;&#x17D2;&#x1793;&#x17C6;&#x1796;&#x17C1;&#x1789;</subfield>
  </datafield>
  <datafield tag="260" ind1=" " ind2=" ">
    <subfield code="a">RUA</subfield>
    <subfield code="b">Phnom Penh</subfield>
    <subfield code="c">2015</subfield>
  </datafield>
  <datafield tag="300" ind1=" " ind2=" ">
    <subfield code="a">x;39p.</subfield>
    <subfield code="b">ill.</subfield>
    <subfield code="c">29cm.</subfield>
  </datafield>
  <datafield tag="856" ind1=" " ind2=" ">
    <subfield code="u">SON VICHEKA</subfield>
  </datafield>
  <datafield tag="942" ind1=" " ind2=" ">
    <subfield code="c">VEM</subfield>
  </datafield>
  <datafield tag="999" ind1=" " ind2=" ">
    <subfield code="c">9283</subfield>
    <subfield code="d">9283</subfield>
  </datafield>
  <datafield tag="952" ind1=" " ind2=" ">
    <subfield code="0">0</subfield>
    <subfield code="1">0</subfield>
    <subfield code="2">ddc</subfield>
    <subfield code="4">0</subfield>
    <subfield code="6">VEM_SON_2015_000000000000000_B509_OR_1</subfield>
    <subfield code="7">0</subfield>
    <subfield code="9">51032</subfield>
    <subfield code="a">LBB</subfield>
    <subfield code="b">LBB</subfield>
    <subfield code="d">2016-08-30</subfield>
    <subfield code="o">VEM SON 2015 B509 Or.1</subfield>
    <subfield code="p">RUA055834</subfield>
    <subfield code="r">2016-08-30</subfield>
    <subfield code="w">2016-08-30</subfield>
    <subfield code="y">VEM</subfield>
  </datafield>
  <datafield tag="952" ind1=" " ind2=" ">
    <subfield code="0">0</subfield>
    <subfield code="1">0</subfield>
    <subfield code="2">ddc</subfield>
    <subfield code="4">0</subfield>
    <subfield code="6">VEM_SON_2015_000000000000000_B509_OR_2</subfield>
    <subfield code="7">0</subfield>
    <subfield code="9">51033</subfield>
    <subfield code="a">LBB</subfield>
    <subfield code="b">LBB</subfield>
    <subfield code="d">2016-08-30</subfield>
    <subfield code="o">VEM SON 2015 B509 Or.2</subfield>
    <subfield code="p">RUA055710</subfield>
    <subfield code="r">2016-08-30</subfield>
    <subfield code="w">2016-08-30</subfield>
    <subfield code="y">VEM</subfield>
  </datafield>
  <datafield tag="952" ind1=" " ind2=" ">
    <subfield code="0">0</subfield>
    <subfield code="1">0</subfield>
    <subfield code="2">ddc</subfield>
    <subfield code="4">0</subfield>
    <subfield code="6">VEM_SON_2015_000000000000000_B509_OR_3</subfield>
    <subfield code="7">0</subfield>
    <subfield code="9">51034</subfield>
    <subfield code="a">LBB</subfield>
    <subfield code="b">LBB</subfield>
    <subfield code="d">2016-08-30</subfield>
    <subfield code="l">1</subfield>
    <subfield code="o">VEM SON 2015 B509 Or.3</subfield>
    <subfield code="p">RUA062571</subfield>
    <subfield code="r">2018-07-10</subfield>
    <subfield code="s">2018-06-26</subfield>
    <subfield code="w">2016-08-30</subfield>
    <subfield code="y">VEM</subfield>
  </datafield>
  <datafield tag="952" ind1=" " ind2=" ">
    <subfield code="0">0</subfield>
    <subfield code="1">0</subfield>
    <subfield code="2">ddc</subfield>
    <subfield code="4">0</subfield>
    <subfield code="6">VEM_SON_2015_000000000000000_B509_OR_4</subfield>
    <subfield code="7">0</subfield>
    <subfield code="9">51035</subfield>
    <subfield code="a">LBB</subfield>
    <subfield code="b">LBB</subfield>
    <subfield code="d">2016-08-30</subfield>
    <subfield code="o">VEM SON 2015 B509 Or.4</subfield>
    <subfield code="p">RUA057762</subfield>
    <subfield code="r">2016-08-30</subfield>
    <subfield code="w">2016-08-30</subfield>
    <subfield code="y">VEM</subfield>
  </datafield>
  <datafield tag="952" ind1=" " ind2=" ">
    <subfield code="0">0</subfield>
    <subfield code="1">0</subfield>
    <subfield code="4">0</subfield>
    <subfield code="7">0</subfield>
    <subfield code="9">51036</subfield>
    <subfield code="d">2016-08-30</subfield>
    <subfield code="r">2016-08-30</subfield>
    <subfield code="w">2016-08-30</subfield>
    <subfield code="y">VEM</subfield>
  </datafield>
  <datafield tag="952" ind1=" " ind2=" ">
    <subfield code="0">0</subfield>
    <subfield code="1">0</subfield>
    <subfield code="2">ddc</subfield>
    <subfield code="4">0</subfield>
    <subfield code="6">VEM_SON_2015_000000000000000_B509_OR_5</subfield>
    <subfield code="7">0</subfield>
    <subfield code="9">51037</subfield>
    <subfield code="a">LBB</subfield>
    <subfield code="b">LBB</subfield>
    <subfield code="d">2016-08-30</subfield>
    <subfield code="o">VEM SON 2015 B509 Or.5</subfield>
    <subfield code="p">RUA055567</subfield>
    <subfield code="r">2016-08-30</subfield>
    <subfield code="w">2016-08-30</subfield>
    <subfield code="y">VEM</subfield>
  </datafield>
  <datafield tag="952" ind1=" " ind2=" ">
    <subfield code="0">0</subfield>
    <subfield code="1">0</subfield>
    <subfield code="2">ddc</subfield>
    <subfield code="4">0</subfield>
    <subfield code="6">VEM_SON_2015_000000000000000_B509_OR_6</subfield>
    <subfield code="7">0</subfield>
    <subfield code="9">51038</subfield>
    <subfield code="a">LBB</subfield>
    <subfield code="b">LBB</subfield>
    <subfield code="d">2016-08-30</subfield>
    <subfield code="o">VEM SON 2015 B509 Or.6</subfield>
    <subfield code="p">RUA061619</subfield>
    <subfield code="r">2016-08-30</subfield>
    <subfield code="w">2016-08-30</subfield>
    <subfield code="y">VEM</subfield>
  </datafield>
  <datafield tag="952" ind1=" " ind2=" ">
    <subfield code="0">0</subfield>
    <subfield code="1">0</subfield>
    <subfield code="2">ddc</subfield>
    <subfield code="4">0</subfield>
    <subfield code="6">VEM_SON_2015_000000000000000_B509_OR_7</subfield>
    <subfield code="7">0</subfield>
    <subfield code="9">51041</subfield>
    <subfield code="a">LBB</subfield>
    <subfield code="b">LBB</subfield>
    <subfield code="d">2016-08-30</subfield>
    <subfield code="l">1</subfield>
    <subfield code="o">VEM SON 2015 B509 Or.7</subfield>
    <subfield code="p">RUA062532</subfield>
    <subfield code="r">2019-10-22</subfield>
    <subfield code="s">2019-10-08</subfield>
    <subfield code="w">2016-08-30</subfield>
    <subfield code="y">VEM</subfield>
  </datafield>
  <datafield tag="952" ind1=" " ind2=" ">
    <subfield code="0">0</subfield>
    <subfield code="1">0</subfield>
    <subfield code="2">ddc</subfield>
    <subfield code="4">0</subfield>
    <subfield code="6">VEM_SON_2015_000000000000000_B509_OR_8</subfield>
    <subfield code="7">0</subfield>
    <subfield code="9">51042</subfield>
    <subfield code="a">LBB</subfield>
    <subfield code="b">LBB</subfield>
    <subfield code="d">2016-08-30</subfield>
    <subfield code="o">VEM SON 2015 B509 Or.8</subfield>
    <subfield code="p">RUA055625</subfield>
    <subfield code="r">2016-08-30</subfield>
    <subfield code="w">2016-08-30</subfield>
    <subfield code="y">VEM</subfield>
  </datafield>
  <datafield tag="952" ind1=" " ind2=" ">
    <subfield code="0">0</subfield>
    <subfield code="1">0</subfield>
    <subfield code="4">0</subfield>
    <subfield code="6">VEM_SON_2015_000000000000000_B693_OR</subfield>
    <subfield code="7">0</subfield>
    <subfield code="9">87067</subfield>
    <subfield code="a">LBB</subfield>
    <subfield code="b">LBB</subfield>
    <subfield code="c">B693</subfield>
    <subfield code="d">2021-10-12</subfield>
    <subfield code="o">VEM SON 2015 B693 Or.</subfield>
    <subfield code="p">A09709</subfield>
    <subfield code="r">2021-10-12</subfield>
    <subfield code="y">VEM</subfield>
  </datafield>
  <datafield tag="952" ind1=" " ind2=" ">
    <subfield code="0">0</subfield>
    <subfield code="1">0</subfield>
    <subfield code="4">0</subfield>
    <subfield code="6">VEM_SON_2015_000000000000000_B693_OR</subfield>
    <subfield code="7">0</subfield>
    <subfield code="9">87068</subfield>
    <subfield code="a">LBB</subfield>
    <subfield code="b">LBB</subfield>
    <subfield code="c">B693</subfield>
    <subfield code="d">2021-10-12</subfield>
    <subfield code="o">VEM SON 2015 B693 Or.</subfield>
    <subfield code="p">A09844</subfield>
    <subfield code="r">2021-10-12</subfield>
    <subfield code="y">VEM</subfield>
  </datafield>
  <datafield tag="952" ind1=" " ind2=" ">
    <subfield code="0">0</subfield>
    <subfield code="1">0</subfield>
    <subfield code="4">0</subfield>
    <subfield code="6">VEM_SON_2015_000000000000000_B693_OR</subfield>
    <subfield code="7">0</subfield>
    <subfield code="9">87069</subfield>
    <subfield code="a">LBB</subfield>
    <subfield code="b">LBB</subfield>
    <subfield code="c">B693</subfield>
    <subfield code="d">2021-10-12</subfield>
    <subfield code="o">VEM SON 2015 B693 Or.</subfield>
    <subfield code="p">A09998</subfield>
    <subfield code="r">2021-10-12</subfield>
    <subfield code="y">VEM</subfield>
  </datafield>
</record>
